Energy 2000

Bibliographic Details
Main Author: Guilmot, Jean-Francois (Author)
Corporate Author: Commission of the European Communities
Format: Book
Published: Cambridge Cambridge University Press 1986
Subjects:

MARC

LEADER 00000cam a2200000 7i4500
001 0000000610
008 021118n
020 |a 0521333687 
090 0 0 |a TJ163  |b .E54 1986 
245 0 0 |a Energy 2000   |c Jean-Francois Guilmot ... [et al.] 
260 2 |a Cambridge   |b Cambridge University Press  |c 1986 
300 |a 261 p. ;  |c 25 cm. 
650 0 |a Power resources 
650 0 |a Power resources  |x European Economic Community countries 
700 0 |a Guilmot, Jean-Francois  |e author 
710 0 0 |a Commission of the European Communities  |c Directorate-General for Energy 
710 0 0 |a Commission of the European Communities  |c Directorate-General for Science, Research and Development 
999 |a 1000039370  |b Book  |c OPEN SHELF (30 DAYS)  |e Gong Badak Campus